[Event "ROU-ch Women 2021"]
[Site "Iasi"]
[Date "2021.04.24"]
[Round "8.2"]
[White "Sandu, Mihaela"]
[Black "Anghel, Maria"]
[Result "1-0"]
[WhiteElo "2268"]
[BlackElo "1918"]
[Annotator "NA"]
[PlyCount "61"]
[EventDate "2021.04.19"]
[EventType "swiss"]
[EventCountry "ROU"]
[SourceTitle "playchess.com"]
[Source "ChessBase"]
[SourceQuality "1"]
[TimeControl "5400+30"]

1. e4 {[%emt 0:00:00]} c6 {[%emt 0:00:00]} 2. d4 {[%emt 0:00:00]} d5 {[%emt 0:00:00]} 3. e5 {[%emt 0:00:00]} Bf5 {[%emt 0:00:04]} 4. Nf3 {[%emt 0:00:02]} e6 {[%emt 0:00:11]} 5. Be2 {[%emt 0:00:03]} Nd7 {[%emt 0:00:37]} 6. O-O {[%emt 0:00:24]} Ne7 {[%emt 0:00:23]} 7. Nbd2 {[%emt 0:02:32]} c5 {[%emt 0:05:05]} 8. c4 {[%emt 0:00:43]} Qc7 {[%emt 0:14:37]} 9. dxc5 {[%emt 0:04:04]} Nc6 {[%emt 0:19:48]} 10. cxd5 {[%emt 0:12:19]} exd5 {[%emt 0:00:30]} 11. Nb3 {[%emt 0:00:29]} Be6 {[%emt 0:08:35]} 12. Nfd4 {[%emt 0:08:33]} Nxc5 {[%emt 0:10:12]} 13. Nxe6 {[%emt 0:13:24]} fxe6 {[%emt 0:03:35]} 14. Bh5+ {[%emt 0:08:48]} g6 {[%emt 0:01:10]} 15. Bg4 {[%emt 0:00:04]} Qf7 {[%emt 0:09:19]} 16. Nd4 {[%emt 0:01:11]} h5 {[%emt 0:11:19]} 17. Bh3 {[%emt 0:02:51]} Be7 {[%emt 0:05:31]} 18. Nxc6 {[%emt 0:04:08]} bxc6 {[%emt 0:00:03]} 19. Be3 {[%emt 0:00:50]} Nd7 {[%emt 0:02:02]} 20. Qa4 {[%emt 0:03:33]} Nb8 {[%emt 0:02:16]} 21. Qb3 {[%emt 0:01:47]} Nd7 {[%emt 0:03:22]} 22. Qb7 {[%emt 0:00:25]} Rd8 {[%emt 0:01:39]} 23. Qxc6 {[%emt 0:00:06]} Kf8 {[%emt 0:00:39]} 24. f4 {[%emt 0:03:40]} Kg7 {[%emt 0:00:21]} 25. Bxa7 {[%emt 0:02:20]} Nb8 {[%emt 0:00:39]} 26. Bxb8 {[%emt 0:00:57]} Rxb8 {[%emt 0:00:05]} 27. Bxe6 {[%emt 0:00:23]} Qe8 {[%emt 0:00:49]} 28. Qxd5 {[%emt 0:02:15]} Rxb2 {[%emt 0:00:30]} 29. Rab1 {[%emt 0:02:05]} Rxb1 {[%emt 0:00:33]} 30. Rxb1 {[%emt 0:00:03]} Qd8 {[%emt 0:00:34]} 31. Rb7 {[%emt 0:02:57]} 1-0

[Event "ROU-ch Women 2021"]
[Site "Iasi"]
[Date "2021.04.24"]
[Round "8.3"]
[White "Peptan, Corina-Isabela"]
[Black "Pirvan, Maria"]
[Result "1-0"]
[WhiteElo "2392"]
[BlackElo "1529"]
[Annotator "NA"]
[PlyCount "27"]
[EventDate "2021.04.19"]
[EventType "swiss"]
[EventCountry "ROU"]
[SourceTitle "playchess.com"]
[Source "ChessBase"]
[SourceQuality "1"]
[TimeControl "5400+30"]

1. d4 {[%emt 0:00:03]} Nf6 {[%emt 0:00:00]} 2. Nf3 {[%emt 0:00:16]} g6 {[%emt 0:00:00]} 3. g3 {[%emt 0:00:52]} c5 {[%emt 0:00:53]} 4. d5 {[%emt 0:01:03]} d6 {[%emt 0:00:26]} 5. Bg2 {[%emt 0:00:08]} Bg7 {[%emt 0:00:05]} 6. Nc3 {[%emt 0:00:11]} O-O {[%emt 0:00:20]} 7. O-O {[%emt 0:00:06]} e6 {[%emt 0:00:44]} 8. dxe6 {[%emt 0:04:52]} fxe6 {[%emt 0:00:47]} 9. e4 {[%emt 0:08:44]} d5 {[%emt 0:06:44]} 10. Bg5 {[%emt 0:02:56]} h6 {[%emt 0:21:09]} 11. Bxf6 {[%emt 0:00:16]} Bxf6 {[%emt 0:00:10]} 12. exd5 {[%emt 0:00:14]} Bxc3 {[%emt 0:04:08]} 13. bxc3 {[%emt 0:00:05]} exd5 {[%emt 0:04:11]} 14. Ne5 {[%emt 0:01:43]} 1-0

[Event "ROU-ch Women 2021"]
[Site "Iasi"]
[Date "2021.04.24"]
[Round "8.4"]
[White "Obada, Ema"]
[Black "Marcu, Daria-Ana"]
[Result "1-0"]
[WhiteElo "1940"]
[BlackElo "1533"]
[Annotator "NA"]
[PlyCount "109"]
[EventDate "2021.04.19"]
[EventType "swiss"]
[EventCountry "ROU"]
[SourceTitle "playchess.com"]
[Source "ChessBase"]
[SourceQuality "1"]
[TimeControl "5400+30"]

1. e4 {[%emt 0:00:00]} c6 {[%emt 0:00:00]} 2. d4 {[%emt 0:00:00]} d5 {[%emt 0:00:00]} 3. exd5 {[%emt 0:00:00]} cxd5 {[%emt 0:00:00]} 4. Bd3 {[%emt 0:00:00]} Nc6 {[%emt 0:00:04]} 5. c3 {[%emt 0:00:00]} Nf6 {[%emt 0:00:08]} 6. h3 {[%emt 0:00:00]} a6 {[%emt 0:00:37]} 7. Nf3 {[%emt 0:00:07]} e6 {[%emt 0:00:32]} 8. O-O {[%emt 0:00:20]} Bd6 {[%emt 0:00:08]} 9. Re1 {[%emt 0:00:22]} O-O {[%emt 0:00:20]} 10. Bg5 {[%emt 0:01:12]} Be7 {[%emt 0:00:47]} 11. Nbd2 {[%emt 0:01:14]} Bd7 {[%emt 0:01:08]} 12. Qe2 {[%emt 0:04:27]} h6 {[%emt 0:01:01]} 13. Bf4 {[%emt 0:01:02]} Na7 {[%emt 0:05:07]} 14. Qe3 {[%emt 0:00:54]} Re8 {[%emt 0:03:43]} 15. Ne5 {[%emt 0:03:46]} Nc6 {[%emt 0:13:59]} 16. Bc2 {[%emt 0:04:23]} Rc8 {[%emt 0:24:11]} 17. Qd3 {[%emt 0:05:08]} Nxe5 {[%emt 0:11:11]} 18. dxe5 {[%emt 0:00:48]} Bb5 {[%emt 0:00:26]} 19. Qf3 {[%emt 0:00:59]} Nd7 {[%emt 0:05:01]} 20. Nb3 {[%emt 0:11:22]} Bg5 {[%emt 0:02:47]} 21. Bg3 {[%emt 0:03:20]} Nf8 {[%emt 0:08:40]} 22. Nd4 {[%emt 0:01:11]} Qb6 {[%emt 0:03:17]} 23. h4 {[%emt 0:03:32]} Be7 {[%emt 0:00:44]} 24. Qg4 {[%emt 0:11:36]} Bc5 {[%emt 0:09:53]} 25. Nb3 {[%emt 0:03:14]} d4 {[%emt 0:02:14]} 26. cxd4 {[%emt 0:02:44]} Bb4 {[%emt 0:00:10]} 27. Rec1 {[%emt 0:00:51]} Ba4 {[%emt 0:02:12]} 28. Bf4 {[%emt 0:00:57]} Bxb3 {[%emt 0:00:24]} 29. Bxh6 {[%emt 0:01:35]} g6 {[%emt 0:00:21]} 30. axb3 {[%emt 0:00:32]} Red8 {[%emt 0:01:18]} 31. Be3 {[%emt 0:00:22]} Qb5 {[%emt 0:02:43]} 32. Be4 {[%emt 0:01:58]} Rxc1+ {[%emt 0:01:18]} 33. Rxc1 {[%emt 0:00:02]} b6 {[%emt 0:00:38]} 34. Qg5 {[%emt 0:01:32]} Rb8 {[%emt 0:01:12]} 35. Rc7 {[%emt 0:00:29]} Qe8 {[%emt 0:00:31]} 36. Qh6 {[%emt 0:02:45]} Rc8 {[%emt 0:00:36]} 37. Bg5 {[%emt 0:01:32]} Nh7 {[%emt 0:00:27]} 38. Bxg6 {[%emt 0:00:58]} Nxg5 {[%emt 0:00:21]} 39. Rb7 {[%emt 0:06:19]} Bf8 {[%emt 0:00:44]} 40. Qxg5 {[%emt 0:00:13]} fxg6 {[%emt 0:00:08]} 41. h5 {[%emt 0:00:21]} Rd8 {[%emt 0:00:57]} 42. hxg6 {[%emt 0:01:02]} Rd7 {[%emt 0:00:17]} 43. Rxb6 {[%emt 0:00:09]} Rg7 {[%emt 0:00:27]} 44. Rxa6 {[%emt 0:00:49]} Rxg6 {[%emt 0:00:09]} 45. Qf4 {[%emt 0:00:18]} Bh6 {[%emt 0:00:20]} 46. Qe4 {[%emt 0:00:17]} Kh7 {[%emt 0:00:46]} 47. Ra7+ {[%emt 0:00:22]} Bg7 {[%emt 0:00:18]} 48. b4 {[%emt 0:00:30]} Qc8 {[%emt 0:00:26]} 49. Ra3 {[%emt 0:01:00]} Qc1+ {[%emt 0:00:13]} 50. Kh2 {[%emt 0:00:02]} Qc7 {[%emt 0:01:34]} 51. Rg3 {[%emt 0:00:23]} Qf7 {[%emt 0:00:09]} 52. b5 {[%emt 0:01:19]} Bh6 {[%emt 0:00:40]} 53. Qxg6+ {[%emt 0:00:13]} Qxg6 {[%emt 0:00:06]} 54. Rxg6 {[%emt 0:00:03]} Kxg6 {[%emt 0:00:11]} 55. b6 {[%emt 0:00:03]} 1-0

[Event "ROU-ch Women 2021"]
[Site "Iasi"]
[Date "2021.04.24"]
[Round "8.5"]
[White "Maria, Lia-Alexandra"]
[Black "Pancu, Aureliana-Eugenia"]
[Result "1-0"]
[WhiteElo "1713"]
[BlackElo "1878"]
[Annotator "NA"]
[PlyCount "87"]
[EventDate "2021.04.19"]
[EventType "swiss"]
[EventCountry "ROU"]
[SourceTitle "playchess.com"]
[Source "ChessBase"]
[SourceQuality "1"]
[TimeControl "5400+30"]

1. e4 {[%emt 0:00:00]} e6 {[%emt 0:00:00]} 2. d4 {[%emt 0:00:00]} d5 {[%emt 0:00:00]} 3. Nc3 {[%emt 0:00:00]} Nf6 {[%emt 0:00:00]} 4. e5 {[%emt 0:00:10]} Nfd7 {[%emt 0:00:00]} 5. f4 {[%emt 0:00:26]} c5 {[%emt 0:00:04]} 6. Nf3 {[%emt 0:00:12]} Nc6 {[%emt 0:00:22]} 7. Be3 {[%emt 0:00:21]} cxd4 {[%emt 0:00:46]} 8. Nxd4 {[%emt 0:02:10]} Bc5 {[%emt 0:00:40]} 9. a3 {[%emt 0:02:24]} Bxd4 {[%emt 0:00:44]} 10. Bxd4 {[%emt 0:00:15]} Nxd4 {[%emt 0:00:20]} 11. Qxd4 {[%emt 0:00:17]} Qb6 {[%emt 0:00:07]} 12. Nb5 {[%emt 0:12:35]} Qxd4 {[%emt 0:00:25]} 13. Nxd4 {[%emt 0:00:00]} a6 {[%emt 0:00:00]} 14. b4 {[%emt 0:03:16]} Ke7 {[%emt 0:00:44]} 15. c4 {[%emt 0:06:20]} dxc4 {[%emt 0:01:14]} 16. Bxc4 {[%emt 0:00:26]} Nb6 {[%emt 0:00:09]} 17. Bb3 {[%emt 0:00:38]} Rd8 {[%emt 0:00:22]} 18. Rd1 {[%emt 0:00:35]} Bd7 {[%emt 0:00:26]} 19. O-O {[%emt 0:01:50]} Rac8 {[%emt 0:06:50]} 20. Rf3 {[%emt 0:07:56]} Ba4 {[%emt 0:03:13]} 21. Bxa4 {[%emt 0:12:01]} Nxa4 {[%emt 0:00:16]} 22. f5 {[%emt 0:01:53]} Rd5 {[%emt 0:07:42]} 23. fxe6 {[%emt 0:02:10]} fxe6 {[%emt 0:03:30]} 24. Nf5+ {[%emt 0:05:24]} Kd7 {[%emt 0:00:43]} 25. Rxd5+ {[%emt 0:01:00]} exd5 {[%emt 0:00:11]} 26. Nxg7 {[%emt 0:00:27]} Rc1+ {[%emt 0:00:26]} 27. Kf2 {[%emt 0:03:12]} Rc2+ {[%emt 0:02:52]} 28. Ke1 {[%emt 0:02:50]} Rxg2 {[%emt 0:00:50]} 29. e6+ {[%emt 0:05:08]} Kd6 {[%emt 0:00:35]} 30. Rf7 {[%emt 0:00:34]} Nc3 {[%emt 0:01:12]} 31. e7 {[%emt 0:01:31]} Re2+ {[%emt 0:05:39]} 32. Kf1 {[%emt 0:00:13]} Rxe7 {[%emt 0:00:23]} 33. Nf5+ {[%emt 0:00:12]} Ke6 {[%emt 0:00:13]} 34. Rxe7+ {[%emt 0:00:48]} Kxf5 {[%emt 0:00:09]} 35. Rxh7 {[%emt 0:02:03]} b5 {[%emt 0:02:11]} 36. Rg7 {[%emt 0:04:02]} d4 {[%emt 0:06:25]} 37. Rd7 {[%emt 0:02:15]} Ke4 {[%emt 0:00:14]} 38. h4 {[%emt 0:01:21]} Nd5 {[%emt 0:06:12]} 39. h5 {[%emt 0:07:16]} Ne3+ {[%emt 0:04:38]} 40. Ke2 {[%emt 0:01:15]} Nf5 {[%emt 0:00:15]} 41. Kd2 {[%emt 0:01:49]} Ke5 {[%emt 0:02:12]} 42. Kd3 {[%emt 0:00:17]} Kf6 {[%emt 0:04:57]} 43. Rxd4 {[%emt 0:02:03]} Kg7 {[%emt 0:02:31]} 44. Rd5 {[%emt 0:00:28]} 1-0

[Event "ROU-ch Women 2021"]
[Site "Iasi"]
[Date "2021.04.24"]
[Round "8.6"]
[White "Lehaci, Miruna-Daria"]
[Black "Andries, Alexia"]
[Result "1-0"]
[WhiteElo "2188"]
[BlackElo "1553"]
[Annotator "NA"]
[PlyCount "113"]
[EventDate "2021.04.19"]
[EventType "swiss"]
[EventCountry "ROU"]
[SourceTitle "playchess.com"]
[Source "ChessBase"]
[SourceQuality "1"]
[TimeControl "5400+30"]

1. e4 {[%emt 0:00:00]} c5 {[%emt 0:00:00]} 2. Nf3 {[%emt 0:00:00]} e6 {[%emt 0:00:00]} 3. d4 {[%emt 0:00:00]} cxd4 {[%emt 0:00:00]} 4. Nxd4 {[%emt 0:00:00]} a6 {[%emt 0:00:00]} 5. Bd3 {[%emt 0:00:00]} Qc7 {[%emt 0:01:28]} 6. O-O {[%emt 0:00:00]} Nf6 {[%emt 0:00:57]} 7. Kh1 {[%emt 0:00:08]} Be7 {[%emt 0:01:13]} 8. f4 {[%emt 0:00:38]} d6 {[%emt 0:00:17]} 9. a4 {[%emt 0:00:50]} Nbd7 {[%emt 0:00:31]} 10. a5 {[%emt 0:02:54]} b5 {[%emt 0:03:45]} 11. axb6 {[%emt 0:04:06]} Qxb6 {[%emt 0:03:46]} 12. Nb3 {[%emt 0:01:16]} Bb7 {[%emt 0:06:25]} 13. Qe2 {[%emt 0:02:48]} Qc7 {[%emt 0:02:14]} 14. Nc3 {[%emt 0:02:10]} O-O {[%emt 0:00:39]} 15. Bd2 {[%emt 0:02:39]} e5 {[%emt 0:04:54]} 16. Bxa6 {[%emt 0:04:38]} Bc6 {[%emt 0:03:12]} 17. Bd3 {[%emt 0:03:38]} d5 {[%emt 0:04:50]} 18. Rxa8 {[%emt 0:01:01]} Rxa8 {[%emt 0:00:07]} 19. exd5 {[%emt 0:01:55]} Nxd5 {[%emt 0:00:21]} 20. Nxd5 {[%emt 0:02:45]} Bxd5 {[%emt 0:00:20]} 21. Bxh7+ {[%emt 0:01:43]} Kf8 {[%emt 0:04:27]} 22. Be4 {[%emt 0:03:24]} Bxe4 {[%emt 0:02:46]} 23. Qxe4 {[%emt 0:00:25]} Rc8 {[%emt 0:00:34]} 24. Bc3 {[%emt 0:01:21]} Qc4 {[%emt 0:07:31]} 25. Qxc4 {[%emt 0:02:23]} Rxc4 {[%emt 0:00:09]} 26. fxe5 {[%emt 0:00:10]} Re4 {[%emt 0:03:08]} 27. Ra1 {[%emt 0:08:04]} Bg5 {[%emt 0:03:03]} 28. Nd2 {[%emt 0:03:36]} Re2 {[%emt 0:01:50]} 29. Nf3 {[%emt 0:00:21]} Bf4 {[%emt 0:00:39]} 30. Ra8+ {[%emt 0:00:48]} Ke7 {[%emt 0:00:22]} 31. Bb4+ {[%emt 0:00:09]} Nc5 {[%emt 0:01:41]} 32. Bxc5+ {[%emt 0:00:06]} Kd7 {[%emt 0:00:12]} 33. Ra7+ {[%emt 0:00:28]} Kd8 {[%emt 0:00:08]} 34. Rxf7 {[%emt 0:00:55]} Bc1 {[%emt 0:00:08]} 35. b4 {[%emt 0:00:46]} Rxc2 {[%emt 0:00:12]} 36. e6 {[%emt 0:00:40]} Re2 {[%emt 0:00:18]} 37. e7+ {[%emt 0:00:38]} Kd7 {[%emt 0:00:32]} 38. Rf8 {[%emt 0:00:06]} Ba3 {[%emt 0:00:37]} 39. Rd8+ {[%emt 0:00:05]} Kc7 {[%emt 0:00:06]} 40. e8=Q {[%emt 0:00:08]} Rxe8 {[%emt 0:00:09]} 41. Rxe8 {[%emt 0:00:04]} Kc6 {[%emt 0:00:06]} 42. Rd8 {[%emt 0:00:10]} Bb2 {[%emt 0:00:10]} 43. Nd4+ {[%emt 0:00:06]} Bxd4 {[%emt 0:00:11]} 44. Rxd4 {[%emt 0:00:05]} Kb5 {[%emt 0:00:07]} 45. h4 {[%emt 0:00:18]} g6 {[%emt 0:00:13]} 46. g4 {[%emt 0:00:05]} Ka4 {[%emt 0:00:06]} 47. h5 {[%emt 0:00:04]} gxh5 {[%emt 0:00:04]} 48. gxh5 {[%emt 0:00:03]} Kb5 {[%emt 0:00:08]} 49. h6 {[%emt 0:00:04]} Ka4 {[%emt 0:00:06]} 50. h7 {[%emt 0:00:04]} Kb5 {[%emt 0:00:04]} 51. h8=Q {[%emt 0:00:05]} Ka4 {[%emt 0:00:03]} 52. b5+ {[%emt 0:00:15]} Kxb5 {[%emt 0:00:05]} 53. Qb8+ {[%emt 0:00:05]} Kxc5 {[%emt 0:00:07]} 54. Qe5+ {[%emt 0:00:03]} Kc6 {[%emt 0:00:07]} 55. Rd6+ {[%emt 0:00:03]} Kc7 {[%emt 0:00:04]} 56. Qe7+ {[%emt 0:00:03]} Kc8 {[%emt 0:00:05]} 57. Rd8# {[%emt 0:00:03]} 1-0

[Event "ROU-ch Women 2021"]
[Site "Iasi"]
[Date "2021.04.25"]
[Round "9.1"]
[White "Anghel, Maria"]
[Black "Ciolacu, Alessia-Mihaela"]
[Result "0-1"]
[WhiteElo "1918"]
[BlackElo "2052"]
[Annotator "ChessBase"]
[PlyCount "136"]
[EventDate "2021.04.19"]
[EventType "swiss"]
[EventCountry "ROU"]
[SourceTitle "playchess.com"]
[Source "ChessBase"]
[SourceQuality "1"]
[TimeControl "5400+30"]

1. d4 {[%emt 0:00:00]} e6 {[%emt 0:00:00]} 2. c4 {[%emt 0:00:00]} Nf6 {[%emt 0:00:00]} 3. Nf3 {[%emt 0:00:04]} Bb4+ {[%emt 0:01:39]} 4. Bd2 {[%emt 0:00:19]} Qe7 {[%emt 0:00:57]} 5. g3 {[%emt 0:00:20]} O-O {[%emt 0:00:33]} 6. Bg2 {[%emt 0:00:07]} d5 {[%emt 0:00:04]} 7. cxd5 {[%emt 0:07:17]} exd5 {[%emt 0:00:05]} 8. O-O {[%emt 0:03:16]} Bf5 {[%emt 0:07:06]} 9. a3 {[%emt 0:08:02]} Bd6 {[%emt 0:00:53]} 10. Nc3 {[%emt 0:01:26]} c6 {[%emt 0:00:34]} 11. Rc1 {[%emt 0:02:43]} h6 {[%emt 0:00:55]} 12. Ne1 {[%emt 0:19:41]} Nbd7 {[%emt 0:02:25]} 13. Nd3 {[%emt 0:05:45]} Nb6 {[%emt 0:05:27]} 14. Bf4 {[%emt 0:10:08]} Nc4 {[%emt 0:03:31]} 15. Bxd6 {[%emt 0:01:16]} Qxd6 {[%emt 0:00:05]} 16. Re1 {[%emt 0:02:34]} Rfe8 {[%emt 0:03:11]} 17. Qb3 {[%emt 0:05:08]} Re7 {[%emt 0:06:38]} 18. Qa2 {[%emt 0:04:33]} Rae8 {[%emt 0:02:31]} 19. Qa1 {[%emt 0:06:44]} Nd2 {[%emt 0:18:29]} 20. Nc5 {[%emt 0:06:08]} b6 {[%emt 0:01:58]} 21. Rcd1 {[%emt 0:01:04]} Nc4 {[%emt 0:03:45]} 22. Nd3 {[%emt 0:01:07]} Ne4 {[%emt 0:03:14]} 23. b4 {[%emt 0:03:47]} Nxc3 {[%emt 0:04:33]} 24. Qxc3 {[%emt 0:00:05]} Rxe2 {[%emt 0:01:31]} 25. Rxe2 {[%emt 0:04:14]} Rxe2 {[%emt 0:00:05]} 26. Ne5 {[%emt 0:03:41]} Nxe5 {[%emt 0:01:08]} 27. Bf1 {[%emt 0:01:35]} Re4 {[%emt 0:03:00]} 28. Bg2 {[%emt 0:00:23]} Nc4 {[%emt 0:01:00]} 29. Bxe4 {[%emt 0:00:28]} Bxe4 {[%emt 0:00:01]} 30. Re1 {[%emt 0:00:41]} Qf6 {[%emt 0:01:38]} 31. Rxe4 {[%emt 0:00:48]} dxe4 {[%emt 0:00:05]} 32. Qxc4 {[%emt 0:00:07]} Qd6 {[%emt 0:02:34]} 33. a4 {[%emt 0:01:41]} Qd5 {[%emt 0:10:54]} 34. Qa6 {[%emt 0:00:38]} Qd7 {[%emt 0:04:41]} 35. b5 {[%emt 0:01:06]} cxb5 {[%emt 0:03:55]} 36. axb5 {[%emt 0:00:11]} g6 {[%emt 0:02:21]} 37. Qa4 {[%emt 0:00:28]} Qd5 {[%emt 0:00:25]} 38. Qxa7 {[%emt 0:00:41]} Qxd4 {[%emt 0:00:05]} 39. Qa8+ {[%emt 0:00:33]} Kg7 {[%emt 0:00:08]} 40. Qc6 {[%emt 0:00:26]} h5 {[%emt 0:03:54]} 41. h4 {[%emt 0:00:16]} Qd1+ {[%emt 0:01:07]} 42. Kh2 {[%emt 0:00:27]} Qd4 {[%emt 0:00:21]} 43. Kg1 {[%emt 0:00:19]} e3 {[%emt 0:00:38]} 44. fxe3 {[%emt 0:00:10]} Qxe3+ {[%emt 0:00:05]} 45. Kg2 {[%emt 0:00:44]} Qe2+ {[%emt 0:00:14]} 46. Kg1 {[%emt 0:01:03]} Qd1+ {[%emt 0:00:46]} 47. Kh2 {[%emt 0:00:34]} Qd2+ {[%emt 0:00:37]} 48. Kg1 {[%emt 0:00:25]} Qe1+ {[%emt 0:00:07]} 49. Kg2 {[%emt 0:00:26]} Qe6 {[%emt 0:00:24]} 50. Qc3+ {[%emt 0:00:31]} Qf6 {[%emt 0:00:05]} 51. Qc6 {[%emt 0:00:33]} Qd4 {[%emt 0:00:19]} 52. Kh1 {[%emt 0:00:42]} Qf2 {[%emt 0:00:17]} 53. Qc3+ {[%emt 0:00:28]} Kg8 {[%emt 0:01:01]} 54. Qc8+ {[%emt 0:00:32]} Kh7 {[%emt 0:00:15]} 55. Qe8 {[%emt 0:00:29]} Kg7 {[%emt 0:00:38]} 56. Qe5+ {[%emt 0:00:33]} Qf6 {[%emt 0:00:06]} 57. Qe8 {[%emt 0:00:26]} Qf3+ {[%emt 0:01:18]} 58. Kh2 {[%emt 0:00:06]} Qf2+ {[%emt 0:00:17]} 59. Kh3 {[%emt 0:00:11]} Kf6 {[%emt 0:00:49]} 60. Qd8+ {[%emt 0:01:14]} Ke6 {[%emt 0:00:37]} 61. Qe8+ {[%emt 0:00:31]} Kf6 {[%emt 0:00:38]} 62. Qd8+ {[%emt 0:00:21]} Ke5 {[%emt 0:00:36]} 63. Qc7+ {[%emt 0:00:41]} Ke4 {[%emt 0:00:25]} 64. Qc6+ {[%emt 0:00:31]} Kd3 {[%emt 0:00:07]} 65. Qd5+ {[%emt 0:00:30]} Kc3 {[%emt 0:00:14]} 66. Qe5+ {[%emt 0:00:30]} Kb4 {[%emt 0:00:13]} 67. Qe7+ {[%emt 0:00:31]} Kxb5 {[%emt 0:00:10]} 68. Qg5+ {[%emt 0:00:28]} Qf5+ {[%emt 0:00:14]} 0-1

[Event "ROU-ch Women 2021"]
[Site "Iasi"]
[Date "2021.04.25"]
[Round "9.2"]
[White "Maria, Lia-Alexandra"]
[Black "Sandu, Mihaela"]
[Result "0-1"]
[WhiteElo "1713"]
[BlackElo "2268"]
[Annotator "ChessBase"]
[PlyCount "38"]
[EventDate "2021.04.19"]
[EventType "swiss"]
[EventCountry "ROU"]
[SourceTitle "playchess.com"]
[Source "ChessBase"]
[SourceQuality "1"]
[TimeControl "5400+30"]

1. e4 {[%emt 0:00:00]} c5 {[%emt 0:00:00]} 2. Nf3 {[%emt 0:00:00]} e6 {[%emt 0:00:00]} 3. d4 {[%emt 0:00:00]} cxd4 {[%emt 0:00:00]} 4. Nxd4 {[%emt 0:00:03]} a6 {[%emt 0:00:00]} 5. Bd3 {[%emt 0:00:13]} Nc6 {[%emt 0:00:58]} 6. Nxc6 {[%emt 0:06:24]} dxc6 {[%emt 0:00:20]} 7. O-O {[%emt 0:00:36]} e5 {[%emt 0:00:52]} 8. Nd2 {[%emt 0:02:41]} Qc7 {[%emt 0:04:35]} 9. a3 {[%emt 0:04:35]} Be6 {[%emt 0:12:49]} 10. b4 {[%emt 0:03:41]} c5 {[%emt 0:01:46]} 11. bxc5 {[%emt 0:06:54]} Bxc5 {[%emt 0:00:09]} 12. Nb3 {[%emt 0:00:41]} Ba7 {[%emt 0:00:55]} 13. Bb2 {[%emt 0:02:10]} Ne7 {[%emt 0:02:25]} 14. c4 {[%emt 0:03:57]} O-O {[%emt 0:05:12]} 15. Qc2 {[%emt 0:00:56]} Ng6 {[%emt 0:11:36]} 16. g3 {[%emt 0:03:29]} Rac8 {[%emt 0:01:38]} 17. Rac1 {[%emt 0:01:00]} Rfd8 {[%emt 0:00:15]} 18. Rfd1 {[%emt 0:01:36]} b5 {[%emt 0:03:11]} 19. cxb5 {[%emt 0:02:27]} Qb6 {[%emt 0:01:16]} 0-1

[Event "ROU-ch Women 2021"]
[Site "Iasi"]
[Date "2021.04.25"]
[Round "9.3"]
[White "Pancu, Aureliana-Eugenia"]
[Black "Peptan, Corina-Isabela"]
[Result "0-1"]
[WhiteElo "1878"]
[BlackElo "2392"]
[Annotator "TA"]
[PlyCount "60"]
[EventDate "2021.04.19"]
[EventType "swiss"]
[EventCountry "ROU"]
[SourceTitle "playchess.com"]
[Source "ChessBase"]
[SourceQuality "1"]

{[%evp 18,60,14,3,38,6,6,11,36,36,30,36,29,30,43,21,63,0,0,0,27,-36,0,-191,-180,-289,-285,-665,-663,-636,-251,-243,-14,-16,-18,-673,-667,-656,-652,-725,-722,-703,-677,-1002,-966]} 1. e4 c5 2. Nf3 e6 3. d3 Nc6 4. g3 d5 5. Nbd2 g6 6. Bg2 Bg7 7. O-O Nge7 8. c3 O-O 9. Re1 dxe4 10. dxe4 Qc7 {A08: King's Indian Attack.} 11. a4 (11. e5 $5) 11... b6 12. Nc4 {[#]} Ba6 $146 {The position is equal.} ({Predecessor:} 12... Rd8 13. Qb3 Ba6 14. Bf4 e5 15. Be3 h6 16. Bf1 Bc8 17. a5 Rb8 18. axb6 axb6 {½-½ (60) Lendwai,R (2372)-Teske,H (2504) Austria 2002}) 13. Bf1 Rad8 14. Qc2 e5 15. Bd2 h6 16. Rad1 Qc8 17. Kg2 (17. b4 $14 Bxc4 18. Bxc4) 17... Qe6 $11 18. b3 Bb7 19. Ne3 ({White should play} 19. Bc1 $11) 19... Na5 {[#] White must now prevent ...f5.} 20. c4 $2 (20. Nc4 $1 $11 {and White stays safe.}) 20... f5 $36 {[%mdl 2048] Black is in control.} 21. Nd5 (21. Bxa5 $142 Bxe4 22. Qe2) 21... fxe4 22. Rxe4 $2 (22. Ng1) 22... Nxd5 23. cxd5 Qf7 (23... Qxd5 24. Rde1 Qf7) 24. Be2 Bxd5 $2 (24... Qxd5 $19 25. Re3 e4 26. Bxa5 exf3+ 27. Kg1 Qf5 28. Bc4+ Kh8) 25. Bxa5 $11 {[#] Strongly threatening Rxd5!} Bxb3 26. Rxd8 $4 {[%mdl 8192] White does not recover from this.} (26. Qxb3 $11 Qxb3 27. Rxd8 Rxd8 28. Bc4+ Qxc4 29. Rxc4) 26... Bxc2 $19 {Black is clearly winning.} 27. Bc4 Bxe4 28. Rxf8+ Kxf8 29. Bxf7 Kxf7 30. Bc3 Bxf3+ {Weighted Error Value: White=0.86/Black=0.52} 0-1